|
|
|
|
| LEADER |
02069cas a2200277 a 4500 |
| 001 |
AALejournalIMF013813 |
| 008 |
230101c9999 xx r poo 0 0eng d |
| 020 |
|
|
|c 5.00 USD
|
| 020 |
|
|
|z 9781484307830
|
| 022 |
|
|
|a 1018-5941
|
| 040 |
|
|
|a BD-DhAAL
|c BD-DhAAL
|
| 100 |
1 |
|
|a Ogawa, Sumiko.
|
| 245 |
1 |
0 |
|a Financial Interconnectedness and Financial Sector Reforms in the Caribbean /
|c Sumiko Ogawa, Joonkyu Park, Diva Singh, Nita Thacker.
|
| 264 |
|
1 |
|a Washington, D.C. :
|b International Monetary Fund,
|c 2013.
|
| 300 |
|
|
|a 1 online resource (34 pages)
|
| 490 |
1 |
|
|a IMF Working Papers
|
| 500 |
|
|
|a <strong>Off-Campus Access:</strong> No User ID or Password Required
|
| 500 |
|
|
|a <strong>On-Campus Access:</strong> No User ID or Password Required
|
| 506 |
|
|
|a Electronic access restricted to authorized BRAC University faculty, staff and students
|
| 520 |
3 |
|
|a Financial sector linkages have increased continuously in the Caribbean with cross border capital flows and financial conglomerates dominating the financial system. While the greater interconnectedness can heighten systemic risks and likelihood of contagion, it can have positive impacts provided the regional authorities take steps to prevent the systemic risk. In this context, financial sector reform measures aimed at bolstering and harmonizing prudential regulations in line with international best practices, the strengthening and enhancement of financial sector supervision to include cross border linkages through consolidated supervision, increased cooperation across supervisors in the region, and the establishment of deposit insurance and crisis resolution frameworks will be critical to maintain financial sector stability and minimize the repercussions of any negative shocks.
|
| 538 |
|
|
|a Mode of access: Internet
|
| 700 |
1 |
|
|a Park, Joonkyu.
|
| 700 |
1 |
|
|a Singh, Diva.
|
| 700 |
1 |
|
|a Thacker, Nita.
|
| 830 |
|
0 |
|a IMF Working Papers; Working Paper ;
|v No. 2013/175
|
| 856 |
4 |
0 |
|z Full text available on IMF
|u http://elibrary.imf.org/view/journals/001/2013/175/001.2013.issue-175-en.xml
|z IMF e-Library
|